000 00865nam a2200253 a 4500
001 66586
003 BD-RjUL
005 20211209081546.0
008 170318s1959 ii 000 0 eng u
035 _a(BD-RjUL)66716
040 _aULL
_dUKM
_dEQO
_beng
_cBD-RjUL
041 _aeng
082 _223
_a304.6054
_bDAD 1969
100 1 _aDandekar, Kumudini.
_9197098
245 1 0 _aDemographic survey of six rural communities /
_cKumudini Dandekar
260 _aPoona :
_bGokhale Institute of Politics & Economics ;
_cc1959
300 _axiv, 142 p. :
_bill. ;
_c26 cm
650 0 _aVillages
_zIndia
_xCase studies
_912747
651 0 _aIndia
_xRural conditions
_xCase studies
_9103810
651 0 _aIndia
_xPopulation
_9197099
710 2 _aGokhale Institute of Politics and Economics.
_9197100
830 0 _aGokhale Institute studies ;
_vno.37
_9198640
942 _2ddc
_cBK
999 _c66586
_d66586